000 01516cam a2200397 i 4500
001 768714001
003 CO-MdFUSB
005 20210531174454.0
007 ta
008 791127t19801980cau b 001 0 eng
010 _a79002994
020 _a006065225X
020 _a9780060652258
040 _aDLC
_beng
_cCO-MdFUSB
_dBTCTA
_dCO-MdFUSB
_dYDXCP
_dIDJ
_dEDX
_dCHRRO
_dCAP
_dUtOrBLW
_erda
041 _aeng
082 _223
_a248.34
_bL483
100 1 _aLeech, Kenneth,
_d1939-
_eautor
245 1 0 _aSoul friend :
_bthe practice of Christian spirituality
_c/ Kenneth Leech ; introducción Henri J. M. Nouwen.
250 _aprimera edición americana.
264 1 _aSan Francisco :
_bHarper & Row,
_c[1980]
264 4 _c©1980.
300 _a250 páginas ;
_c22 cm.
336 _atexto
_btxt
_2rdacontent.
337 _asin mediación
_bn
_2rdamedia.
338 _avolumen
_bnc
_2rdacarrier.
504 _aIncluye referencias bibliográficas (páginas 246 -248) e índice.
505 _aLa espiritualidad y el clima actual - Dirección espiritual en la tradición cristiana - Dirección, asesoramiento y terapia - Oración y la tradición espiritual cristiana - La práctica de la vida de oración - Hacia una comprensión profética de la dirección espiritual.
563 _aRústico
650 0 _aVida espiritual
_951
650 7 _aOración
_986
700 _92903
_a Nouwen, Henri J.M.
_eintroductor
942 _cBK
945 _aJTF-925
999 _c66373
_d66373